Normal view
MARC view
- Zulfikar Ali Bhutto,Bhutto, Zulfikar Ali
Entry Personal Name
001 - CONTROL NUMBER
- control field: 57649
003 - CONTROL NUMBER IDENTIFIER
- control field: NUST
005 - DATE AND TIME OF LATEST TRANSACTION
- control field: 20210628201952.0
008 - FIXED-LENGTH DATA ELEMENTS
- fixed length control field: 210628|| aca||aabn | a|a d
040 ## - CATALOGING SOURCE
- Original cataloging agency: NUST
- Transcribing agency: NUST
100 ## - HEADING--PERSONAL NAME
- Personal name: Zulfikar Ali Bhutto,Bhutto, Zulfikar Ali
670 ## - SOURCE DATA FOUND
- Source citation: Work cat.: (NUST): Zulfikar Ali Bhutto,Bhutto, Zulfikar Ali, Awakening the people,a collection of articles, statements and speeches, 2002
